| 000 | 01337nam a2200337Ia 4500 | ||
|---|---|---|---|
| 001 | ebr10601783 | ||
| 003 | CaPaEBR | ||
| 006 | m u | ||
| 007 | cr cn||||||||| | ||
| 008 | 050823s2006 at a s 001 0 eng d | ||
| 020 | _z1877058408 | ||
| 020 | _z9781877058400 | ||
| 020 | _z9781922013248 | ||
| 040 |
_aCaPaEBR _cCaPaEBR |
||
| 035 | _a(OCoLC)301222573 | ||
| 050 | 1 | 4 |
_aVM381 _b.P56 2006eb |
| 100 | 1 | _aPlowman, Peter. | |
| 245 | 1 | 0 |
_aAustralian migrant ships 1946 - 1977 _h[electronic resource] / _cPeter Plowman. |
| 260 |
_aDural, N.S.W : _bRosenberg Publishing, _c2006. |
||
| 300 |
_a144 p. : _bill. (some col.) |
||
| 500 | _aIncludes index. | ||
| 533 |
_aElectronic reproduction. _bPalo Alto, Calif. : _cebrary, _d2011. _nAvailable via World Wide Web. _nAccess may be limited to ebrary affiliated libraries. |
||
| 650 | 0 |
_aPassenger ships _zAustralia _xHistory. |
|
| 650 | 0 |
_aShipping _zAustralia _xHistory. |
|
| 650 | 0 |
_aImmigrants _zAustralia _xHistory _y20th century. |
|
| 651 | 0 |
_aAustralia _xEmigration and immigration _y20th century. |
|
| 651 | 0 |
_aEurope _xEmigration and immigration _xHistory _y20th century. |
|
| 655 | 7 |
_aElectronic books. _2local |
|
| 710 | 2 | _aebrary, Inc. | |
| 856 | 4 | 0 |
_uhttp://site.ebrary.com/lib/rucke/Doc?id=10601783 _zAn electronic book accessible through the World Wide Web; click to view |
| 999 |
_c98277 _d98277 |
||